| 000 | 00684nam a2200205Ii 4500 | ||
|---|---|---|---|
| 003 | JO-AjNU | ||
| 008 | 230606s9999||||xx |||||||||||||| ||und|| | ||
| 040 |
_aJO-AjNU _beng _erda _cJO-AjNU |
||
| 041 | _aeng | ||
| 050 | 1 | 4 | _aPR3364.W33 K44 1970 |
| 100 | 3 |
_a Congreve, William , Kathleen M. Lynch (editor), _eauthor _95590 |
|
| 245 | 0 | 0 | _a The Way of the world |
| 264 | 3 | 1 | _aLondon :Edward Arnold ,1970 |
| 300 | _a136p | ||
| 336 |
_atext _btxt _2rdacontent |
||
| 337 |
_aunmediated _bn _2rdamedia |
||
| 338 |
_avolume _bnc _2rdacarrier |
||
| 490 | 0 | _a Studies in English literature (London, England) ; no. 73 | |
| 650 | 4 |
_aCongreve, William, 1670-1729. Way of the world. _95591 |
|
| 999 |
_aE2893 _c2891 _d2891 |
||